[Event "GER-chT Betriebe 16th"]
[Site "Dresden"]
[Date "2016.11.06"]
[Round "7.3"]
[White "Kopp, Jan"]
[Black "Tochtrop, Matthias"]
[Result "1-0"]
[WhiteElo "2042"]
[BlackElo "2174"]
[PlyCount "76"]
[EventDate "2016.11.03"]
[EventType "team-swiss"]
[EventRounds "7"]
[EventCountry "GER"]
[SourceTitle "EXT 2020"]
[Source "ChessBase"]
[SourceDate "2019.10.17"]
[SourceVersion "1"]
[SourceVersionDate "2019.10.17"]
[SourceQuality "1"]
[WhiteTeam "Frankfurt/M Deutsche Bahn/BSW"]
[BlackTeam "Duesseldorf Vodafone"]
[WhiteTeamCountry "GER"]
[BlackTeamCountry "GER"]

1. d4 g6 2. c4 Bg7 3. Nc3 d6 4. e4 Nc6 5. Be3 e5 6. Nge2 exd4 7. Nxd4 Nge7 8. g3 0-0 9. Bg2 Ne5 10. b3 Ng4 11. Bf4 Nc6 12. Nde2 g5 13. Bd2 Nge5 14. 0-0 g4 15. Rc1 Nf3+ 16. Bxf3 gxf3 17. Nf4 Ne5 18. Nh5 c6 19. Nxg7 Kxg7 20. Bf4 Qf6 21. Qd2 Bg4 22. Rfd1 Rad8 23. Bg5 Qg6 24. Bxd8 Rxd8 25. c5 Qh5 26. h4 f6 27. cxd6 Bh3 28. Na4 Ng6 29. e5 Nxe5 30. Rc5 Qf5 31. Qd4 Qe6 32. Ra5 Bg2 33. g4 b6 34. Rxa7+ Kh8 35. Qe4 Qg8 36. g5 h6 37. Qf4 Rf8 38. d7 fxg5 1-0

[Event "NRW Class2 1011"]
[Site "Germany"]
[Date "2011.02.20"]
[Round "7.3"]
[White "Tawakol, Kai"]
[Black "Tochtrop, Matthias"]
[Result "1/2-1/2"]
[WhiteElo "2151"]
[BlackElo "2186"]
[PlyCount "56"]
[EventDate "2010.09.26"]
[EventType "team-tourn"]
[EventRounds "9"]
[EventCountry "GER"]
[SourceTitle "EXT 2012"]
[Source "ChessBase"]
[SourceDate "2011.11.24"]
[SourceVersion "1"]
[SourceVersionDate "2011.11.24"]
[SourceQuality "1"]
[WhiteTeam "Schwerte"]
[BlackTeam "Mettmann Sport"]
[WhiteTeamCountry "GER"]
[BlackTeamCountry "GER"]

1. c4 g6 2. g3 Bg7 3. Bg2 e5 4. Nc3 f5 5. d3 Nf6 6. e4 0-0 7. Nge2 d6 8. 0-0 Nc6 9. Be3 Ng4 10. Bd2 Be6 11. b3 Qd7 12. f3 Nf6 13. Be3 Rf7 14. Qd2 Raf8 15. Rae1 Nh5 16. Bf2 f4 17. gxf4 Nxf4 18. Nxf4 Rxf4 19. Ne2 R4f7 20. d4 Bh3 21. Be3 exd4 22. Nxd4 Ne5 23. f4 Bxg2 24. Kxg2 Ng4 25. Bg1 Bh6 26. Ne2 Qe7 27. Qd4 Bg7 28. Qd3 a6 1/2-1/2

[Event "NRW Class2 1011"]
[Site "Germany"]
[Date "2010.10.24"]
[Round "2.4"]
[White "Tochtrop, Matthias"]
[Black "Lambrechts, Koen"]
[Result "0-1"]
[WhiteElo "2186"]
[BlackElo "2156"]
[PlyCount "40"]
[EventDate "2010.09.26"]
[EventType "team-tourn"]
[EventRounds "9"]
[EventCountry "GER"]
[SourceTitle "EXT 2012"]
[Source "ChessBase"]
[SourceDate "2011.11.24"]
[SourceVersion "1"]
[SourceVersionDate "2011.11.24"]
[SourceQuality "1"]
[WhiteTeam "Mettmann Sport"]
[BlackTeam "Rheine Klein Berlin"]
[WhiteTeamCountry "GER"]
[BlackTeamCountry "GER"]

1. g3 Nf6 2. c4 g6 3. Bg2 Bg7 4. Nc3 0-0 5. e4 d6 6. Nge2 Nbd7 7. 0-0 c6 8. f4 e5 9. h3 Re8 10. d3 Nf8 11. f5 h5 12. Be3 gxf5 13. exf5 d5 14. cxd5 cxd5 15. d4 N8h7 16. Qd3 e4 17. Qd2 Bd7 18. Rf2 b5 19. Bh6 Qb6 20. Bxg7 e3 0-1

[Event "Hamburg Junge op"]
[Site "Hamburg"]
[Date "2005.10.09"]
[Round "9"]
[White "Reefschlaeger, Helmut"]
[Black "Tochtrop, Matthias"]
[Result "1-0"]
[WhiteElo "2314"]
[BlackElo "2154"]
[PlyCount "69"]
[EventDate "2005.10.01"]
[EventType "swiss"]
[EventRounds "9"]
[EventCountry "GER"]
[SourceTitle "CBM 108 Extra"]
[Source "ChessBase"]
[SourceDate "2005.11.04"]
[SourceVersion "1"]
[SourceVersionDate "2005.11.04"]
[SourceQuality "1"]

1. d4 Nf6 2. c4 g6 3. Nf3 Bg7 4. g3 0-0 5. Bg2 d6 6. 0-0 Nc6 7. Nc3 Bd7 8. e4 e5 9. d5 Ne7 10. Ne1 Qc8 11. Nd3 Bh3 12. f4 Bxg2 13. Kxg2 exf4 14. gxf4 Qg4+ 15. Qxg4 Nxg4 16. Re1 Bxc3 17. bxc3 f6 18. c5 f5 19. h3 Nf6 20. e5 Ne4 21. c4 Nc8 22. Be3 b6 23. c6 Re8 24. h4 Ne7 25. a4 a6 26. Nf2 b5 27. Nxe4 fxe4 28. exd6 cxd6 29. axb5 axb5 30. Rxa8 Rxa8 31. cxb5 Ra2+ 32. Kf1 Nxd5 33. b6 Rb2 34. c7 Ne7 35. Bd4 1-0

[Event "Hamburg Junge op"]
[Site "Hamburg"]
[Date "2005.10.01"]
[Round "1"]
[White "Schroeder, Klaus"]
[Black "Tochtrop, Matthias"]
[Result "0-1"]
[WhiteElo "1697"]
[BlackElo "2154"]
[PlyCount "78"]
[EventDate "2005.10.01"]
[EventType "swiss"]
[EventRounds "9"]
[EventCountry "GER"]
[SourceTitle "CBM 108 Extra"]
[Source "ChessBase"]
[SourceDate "2005.11.04"]
[SourceVersion "1"]
[SourceVersionDate "2005.11.04"]
[SourceQuality "1"]

1. e4 e6 2. d4 d5 3. Nd2 Nc6 4. c3 e5 5. dxe5 Nxe5 6. Ngf3 Nxf3+ 7. Qxf3 Be6 8. Nb3 Nf6 9. e5 Nd7 10. Qg3 c5 11. Be2 Qc7 12. f4 h5 13. Be3 g6 14. Qf2 Be7 15. Bf3 a5 16. 0-0 a4 17. Nd2 c4 18. b3 cxb3 19. axb3 Nc5 20. Bd4 b5 21. bxa4 Rxa4 22. Qe2 Qd7 23. Rfb1 0-0 24. Qd1 Bf5 25. Rxa4 bxa4 26. Ra1 Rb8 27. h3 h4 28. Kh2 Nb3 29. Ra2 Nxd4 30. cxd4 Rb4 31. Nf1 Qb5 32. Ne3 Be6 33. Be2 Qa5 34. Qd2 Qb6 35. Nc2 Rb2 36. Ra1 Bf5 37. Bd3 Qb3 38. Bxf5 gxf5 39. Qa5 Qxc2 0-1

[Event "Solingen op-A"]
[Site "Solingen"]
[Date "2005.05.26"]
[Round "1"]
[White "Tochtrop, Matthias"]
[Black "Schebler, Gerhard"]
[Result "0-1"]
[WhiteElo "2136"]
[BlackElo "2500"]
[PlyCount "92"]
[EventDate "2005.05.26"]
[EventType "swiss"]
[EventRounds "7"]
[EventCountry "GER"]
[SourceTitle "EXT 2006"]
[Source "ChessBase"]
[SourceDate "2005.11.24"]
[SourceVersion "1"]
[SourceVersionDate "2005.11.24"]
[SourceQuality "1"]

1. e4 c5 2. Nf3 a6 3. c3 e6 4. d3 d5 5. Qe2 Nc6 6. g3 d4 7. Bg2 e5 8. 0-0 Be7 9. Nbd2 h5 10. h3 h4 11. g4 g5 12. Nc4 f6 13. a4 Be6 14. Nfd2 Bd6 15. Nxd6+ Qxd6 16. c4 b6 17. Nb1 Nge7 18. Na3 Ng6 19. Bd2 Rb8 20. Rfb1 0-0 21. Kh2 Rf7 22. Kg1 Kg7 23. Bf3 Rfb7 24. Qd1 Bf7 25. Qe1 Nb4 26. Be2 Nf4 27. Bxf4 exf4 28. Qd2 Nc6 29. f3 Be8 30. Nc2 b5 31. axb5 axb5 32. cxb5 Ne5 33. Ra6 Qe7 34. b6 Rxb6 35. Rxb6 Rxb6 36. Kg2 Qb7 37. Qa5 Rb5 38. Qa3 Bf7 39. Na1 Qb6 40. b3 Ra5 41. Qb2 Qa7 42. Nc2 Ra2 43. Qc1 Qa5 44. b4 Qa4 45. Rb2 Bb3 46. bxc5 Bxc2 0-1

[Event "Duisburg Grossenbaum op"]
[Site "Duisburg"]
[Date "2005.05.16"]
[Round "6"]
[White "Schlueter, Christoph"]
[Black "Tochtrop, Matthias"]
[Result "1/2-1/2"]
[WhiteElo "2018"]
[BlackElo "2136"]
[PlyCount "87"]
[EventDate "2005.05.13"]
[EventType "swiss"]
[EventRounds "7"]
[EventCountry "GER"]
[SourceTitle "EXT 2006"]
[Source "ChessBase"]
[SourceDate "2005.11.24"]
[SourceVersion "1"]
[SourceVersionDate "2005.11.24"]
[SourceQuality "1"]

1. c4 e5 2. Nc3 Nc6 3. g3 f5 4. Bg2 Nf6 5. d3 Bb4 6. Bd2 d6 7. a3 Bxc3 8. Bxc3 0-0 9. e3 f4 10. gxf4 exf4 11. e4 Ne5 12. h3 Qe8 13. Qe2 Qa4 14. Nf3 Nfd7 15. Qd1 Qc6 16. b3 Re8 17. Nd4 Qb6 18. b4 c5 19. Nc2 Qd8 20. Qe2 f3 21. Bxf3 Rf8 22. Bg4 Qh4 23. 0-0-0 Rxf2 24. Qe3 Qf6 25. Bf5 Rg2 26. Rhf1 Qe7 27. Rd2 Rxd2 28. Qxd2 g6 29. Bg4 Nxg4 30. hxg4 Ne5 31. g5 Bg4 32. Rf6 Rf8 33. Rxf8+ Qxf8 34. Ne3 Qf4 35. Nd5 Qf1+ 36. Kc2 Nf3 37. Qc1 Qe2+ 38. Kb3 Ne5 39. Bxe5 dxe5 40. Qc3 Qd1+ 41. Qc2 Qg1 42. Nf6+ Kg7 43. Nxg4 Qxg4 44. Qd2 1/2-1/2

[Event "Dortmund op-A"]
[Site "Dortmund"]
[Date "2004.07.28"]
[Round "6"]
[White "Fiebig, Thomas"]
[Black "Tochtrop, Matthias"]
[Result "1-0"]
[WhiteElo "2263"]
[BlackElo "2128"]
[PlyCount "107"]
[EventDate "2004.07.??"]
[EventType "swiss"]
[EventRounds "9"]
[EventCountry "GER"]
[SourceTitle "EXT 2006"]
[Source "ChessBase"]
[SourceDate "2005.11.24"]
[SourceVersion "1"]
[SourceVersionDate "2005.11.24"]
[SourceQuality "1"]

1. e4 g6 2. d4 Bg7 3. Nc3 c5 4. Nf3 cxd4 5. Nxd4 Nc6 6. Be3 Nf6 7. Be2 0-0 8. 0-0 d5 9. exd5 Nxd5 10. Nxd5 Qxd5 11. Bf3 Qc4 12. Nxc6 bxc6 13. c3 Be6 14. Qe2 Rab8 15. b3 Qxe2 16. Bxe2 a5 17. Rfc1 Rfd8 18. Rab1 Be5 19. h3 h5 20. Bd1 Bf5 21. Bc2 Bxc2 22. Rxc2 Rd3 23. Kf1 a4 24. Bd2 axb3 25. axb3 c5 26. Ke2 c4 27. Rbb2 Rxb3 28. Rxb3 cxb3 29. Kxd3 bxc2 30. Kxc2 Kf8 31. Kd3 Ke8 32. Ke4 Bd6 33. f3 Kd7 34. g4 Ke6 35. gxh5 gxh5 36. c4 Bc5 37. Kf4 Kf6 38. Bc3+ Kg6 39. Be5 f5 40. Bb8 Bg1 41. Kg3 Bc5 42. Be5 Be3 43. Bb2 h4+ 44. Kg2 Bc5 45. Kf1 Kg5 46. Bc1+ Kf6 47. Ke2 e5 48. Kd3 Bf2 49. Ba3 Ke6 50. Bb4 Bg1 51. Be1 Bc5 52. Bxh4 Kf7 53. Bg5 Kg6 54. Bd8 1-0

[Event "Dortmund op-A"]
[Site "Dortmund"]
[Date "2004.07.26"]
[Round "4"]
[White "Bashilin, Roman"]
[Black "Tochtrop, Matthias"]
[Result "1/2-1/2"]
[WhiteElo "2329"]
[BlackElo "2128"]
[PlyCount "32"]
[EventDate "2004.07.??"]
[EventType "swiss"]
[EventRounds "9"]
[EventCountry "GER"]
[SourceTitle "EXT 2006"]
[Source "ChessBase"]
[SourceDate "2005.11.24"]
[SourceVersion "1"]
[SourceVersionDate "2005.11.24"]
[SourceQuality "1"]

1. d4 g6 2. Nf3 d6 3. Bf4 Bg7 4. e3 Nd7 5. c3 e5 6. dxe5 dxe5 7. Bg3 Qe7 8. Be2 Nh6 9. h3 0-0 10. Nbd2 Kh8 11. 0-0 f5 12. Nc4 Nf7 13. Qc2 Nb6 14. Rfd1 g5 15. Rd2 Nxc4 16. Bxc4 Nd6 1/2-1/2

[Event "Bad Wildungen op"]
[Site "Bad Wildungen"]
[Date "1998.??.??"]
[Round "7"]
[White "Mueller, Achim"]
[Black "Tochtrop, Matthias"]
[Result "1-0"]
[WhiteElo "2205"]
[BlackElo "2155"]
[PlyCount "51"]
[EventDate "1998.??.??"]
[EventType "swiss"]
[EventRounds "11"]
[EventCountry "GER"]
[SourceTitle "EXT 1999"]
[Source "ChessBase"]
[SourceDate "1998.11.16"]
[SourceVersion "1"]
[SourceVersionDate "1998.11.16"]
[SourceQuality "1"]

1. e4 g6 2. d4 c6 3. Nc3 d5 4. Nf3 Bg7 5. h3 Nh6 6. Bd3 0-0 7. g4 f6 8. g5 fxg5 9. Bxg5 Nf7 10. Be3 e5 11. dxe5 Nxe5 12. Nxe5 Bxe5 13. exd5 cxd5 14. Qe2 Nc6 15. 0-0-0 Be6 16. Rhg1 Qf6 17. Qh5 Bf7 18. f4 Bxc3 19. bxc3 Qg7 20. Qg5 Qxc3 21. f5 Nb4 22. fxg6 hxg6 23. Bxg6 Nxa2+ 24. Kb1 Qb4+ 25. Kxa2 d4+ 26. Bxf7+ 1-0

[Event "Bad Wildungen op"]
[Site "Bad Wildungen"]
[Date "1998.??.??"]
[Round "6"]
[White "Tochtrop, Matthias"]
[Black "Schracke, Guido"]
[Result "1/2-1/2"]
[WhiteElo "2155"]
[BlackElo "2085"]
[PlyCount "26"]
[EventDate "1998.??.??"]
[EventType "swiss"]
[EventRounds "11"]
[EventCountry "GER"]
[SourceTitle "EXT 1999"]
[Source "ChessBase"]
[SourceDate "1998.11.16"]
[SourceVersion "1"]
[SourceVersionDate "1998.11.16"]
[SourceQuality "1"]

1. e4 c5 2. Nf3 Nc6 3. d3 g6 4. g3 Bg7 5. Bg2 d6 6. 0-0 Nh6 7. c3 0-0 8. Bd2 Qb6 9. Qc1 Ng4 10. h3 Nge5 11. Nxe5 Nxe5 12. Qc2 Qa6 13. c4 Nc6 1/2-1/2

[Event "Bad Wildungen op"]
[Site "Bad Wildungen"]
[Date "1998.??.??"]
[Round "9"]
[White "Tochtrop, Matthias"]
[Black "Schuster, Birgit"]
[Result "1-0"]
[WhiteElo "2155"]
[BlackElo "2095"]
[PlyCount "85"]
[EventDate "1998.??.??"]
[EventType "swiss"]
[EventRounds "11"]
[EventCountry "GER"]
[SourceTitle "EXT 1999"]
[Source "ChessBase"]
[SourceDate "1998.11.16"]
[SourceVersion "1"]
[SourceVersionDate "1998.11.16"]
[SourceQuality "1"]

1. e4 c5 2. Nf3 e6 3. d3 Nc6 4. g3 g6 5. Bg2 Bg7 6. 0-0 Nge7 7. Re1 d6 8. c3 0-0 9. Na3 Rb8 10. d4 cxd4 11. cxd4 b5 12. Be3 d5 13. e5 Qb6 14. Nc2 a5 15. h4 h5 16. Qd2 Nf5 17. Bf4 Bd7 18. Bh3 Nce7 19. Ne3 Rbc8 20. Nxf5 Nxf5 21. g4 hxg4 22. Bxg4 Rc4 23. Bxf5 exf5 24. h5 gxh5 25. Kh2 Rfc8 26. Rg1 Kf8 27. Rg2 R8c6 28. Rag1 Rg6 29. Rxg6 fxg6 30. Bh6 Be8 31. Qg5 Rc7 32. Bxg7+ Rxg7 33. Rc1 Qe6 34. Qd2 b4 35. Ng5 Qd7 36. Rc5 Kg8 37. Rxa5 Qb7 38. Rc5 Rc7 39. Qc1 Bc6 40. Ne6 Rc8 41. Qg5 Qf7 42. Rxc6 Rxc6 43. Qd8+ 1-0